<?xml version="1.0" encoding="UTF-8"?>
<record
    xmlns:xsi="http://www.w3.org/2001/XMLSchema-instance"
    xsi:schemaLocation="http://www.loc.gov/MARC21/slim http://www.loc.gov/standards/marcxml/schema/MARC21slim.xsd"
    xmlns="http://www.loc.gov/MARC21/slim">

  <leader>00787nab a2200217uuc4500</leader>
  <controlfield tag="001">1430058</controlfield>
  <controlfield tag="005">20240202122806.0</controlfield>
  <controlfield tag="008">151216e20151101                    spa  </controlfield>
  <datafield tag="035" ind1=" " ind2=" ">
    <subfield code="a">1430058</subfield>
  </datafield>
  <datafield tag="040" ind1=" " ind2=" ">
    <subfield code="c">comduadb</subfield>
  </datafield>
  <datafield tag="041" ind1=" " ind2=" ">
    <subfield code="a">spa</subfield>
  </datafield>
  <datafield tag="100" ind1="1" ind2="0">
    <subfield code="a">Psaltis, Dimitrios</subfield>
    <subfield code="4">aut</subfield>
    <subfield code="e">aut</subfield>
    <subfield code="9">751480</subfield>
  </datafield>
  <datafield tag="245" ind1="1" ind2="3">
    <subfield code="a">La prueba del agujero negro</subfield>
  </datafield>
  <datafield tag="650" ind1=" " ind2="7">
    <subfield code="a">Astrof&#xED;sica</subfield>
    <subfield code="2">lemb</subfield>
    <subfield code="9">34825</subfield>
  </datafield>
  <datafield tag="650" ind1=" " ind2=" ">
    <subfield code="a">Agujeros negros (Astronom&#xED;a)</subfield>
    <subfield code="9">32432</subfield>
  </datafield>
  <datafield tag="650" ind1=" " ind2=" ">
    <subfield code="a">Einstein, Albert, 1879-1955. Teoria de la relatividad</subfield>
    <subfield code="9">182573</subfield>
  </datafield>
  <datafield tag="650" ind1=" " ind2="7">
    <subfield code="a">Relatividad (F&#xED;sica)</subfield>
    <subfield code="2">lemb</subfield>
    <subfield code="9">3771</subfield>
  </datafield>
  <datafield tag="700" ind1="1" ind2="0">
    <subfield code="a">Doeleman, Sheperd S.</subfield>
    <subfield code="4">aut</subfield>
    <subfield code="e">aut</subfield>
    <subfield code="9">623697</subfield>
  </datafield>
  <datafield tag="773" ind1="0" ind2=" ">
    <subfield code="t">Investigaci&#xF3;n y Ciencia. Edici&#xF3;n Espa&#xF1;ola de Scientific American (Barcelona)</subfield>
    <subfield code="g">N&#xFA;mero 470, Noviembre 2015, 60-65</subfield>
    <subfield code="w">5406</subfield>
    <subfield code="z">0210136X</subfield>
    <subfield code="0">3445</subfield>
  </datafield>
  <datafield tag="942" ind1=" " ind2=" ">
    <subfield code="c">ARIMP</subfield>
  </datafield>
  <datafield tag="999" ind1=" " ind2=" ">
    <subfield code="c">723329</subfield>
    <subfield code="d">723329</subfield>
  </datafield>
</record>
